Developments get caught in a contraflow (Record no. 76924)

MARC details
000 -LEADER
fixed length control field 01166cab a2200205 4500
001 - CONTROL NUMBER
control field ##L133311
008 - FIXED-LENGTH DATA ELEMENTS--GENERAL INFORMATION
fixed length control field 060502n2006 000 0 eng u
035 ## - SYSTEM CONTROL NUMBER
System control number (Sirsi) u133311
041 0# - LANGUAGE CODE
Language code of text/sound track or separate title eng
100 1# - MAIN ENTRY--PERSONAL NAME
Personal name Neale,Jon
245 00 - TITLE STATEMENT
Title Developments get caught in a contraflow
260 ## - PUBLICATION, DISTRIBUTION, ETC.
Date of publication, distribution, etc. 2006
490 #0 - SERIES STATEMENT
Series statement Estates Gazette
Volume/sequential designation (0616) 22 April 2006, 60-63(4)
520 ## - SUMMARY, ETC.
Summary, etc. Examines the increasing trend where the Highways Agency fearing heavy traffic increases generated by large development schemes is imposing Article 14 orders which effectively block development. This is what is happening at the Eastern Quarry development in Ebbsfleet, part of the Thames Gateway regeneration. Outlines the Highways Agency's powers under the Town and Country Planning Act 1995 Art 14. Looks at how developers and the Highways Agency might co-operate and work together to unblock development hold-ups which are costly both financially and in time wasted.
590 ## - LOCAL NOTE (RLIN)
Local note IKA090506
650 24 - SUBJECT ADDED ENTRY--TOPICAL TERM
Topical term or geographic name entry element TOWN AND COUNTRY PLANNING ACT 1995 ART 14
650 24 - SUBJECT ADDED ENTRY--TOPICAL TERM
Topical term or geographic name entry element ARTICLE 14 ORDERS
690 ## - LOCAL SUBJECT ADDED ENTRY--TOPICAL TERM (OCLC, RLIN)
Topical term or geographic name as entry element ENVIRONMENTAL AND LAND CONSULTANCY-PLANNING AND DEVELOPMENT-DEVELOPMENT CONTROL
942 ## - ADDED ENTRY ELEMENTS (KOHA)
Suppress in OPAC 0
Holdings
Withdrawn status Lost status Source of classification or shelving scheme Damaged status Not for loan Home library Current library Shelving location Date acquired Total Checkouts Full call number Barcode Date last seen Copy number Price effective from Koha item type
    Dewey Decimal Classification     London London Journal article 02/05/2006   L133311 133311-1001 06/08/2019 1 06/08/2019 Journal article